000 00613nam a22001937a 4500
005 20170824123443.0
010 _aENG-120064
020 _c200.00
035 _aEN-103596
037 _bDBAD/PUB
082 _a954.084
100 _aMukherjee,Haridas
245 _aSri Aurobindo's political thought:
_cby Hari Das Mukherjee [and] Uma Mukherjee
_b1893-1908 /
260 _aKolkata
_bThe National council of education
_c2015
270 _a188,Raja Subodh Mullick Road
_bKolkata (Bengal)
_e700040
300 _a235p.
_c23cm(pbk)
700 _a Mukherjee,Uma
942 _2ddc
_cEN
_h954.084
_mMUK
999 _c143775
_d143775